| 000 | 01326cam a22002054a 4500 | ||
|---|---|---|---|
| 005 | 20250605164015.0 | ||
| 008 | 250528s ||||||||||||||||||||||||d | ||
| 035 | _a16125 | ||
| 020 | _a9607306732 | ||
| 040 |
_aGR-AtMCL _bgre _dGR-AtMCL _eAACR2 |
||
| 245 | 1 | _aΤεχνική Λιανικών Πωλήσεων | |
| 260 |
_bΣταμούλης, _c1994 |
||
| 300 | _a224 | ||
| 505 | 0 | _aΠρόλογος, Τόπος Εγκατάστασης, Οργάνωση Λιανεμπορικών Επιχειρήσεων, Σχεδιασμός Προμηθειών, Στρατηγική Προμηθευτικών Κινήτρων, Διοίκηση Προσωπικού, Προώθηση Λιανικών Πωλήσεων, Επίλογος - Το κάθετο Μάρκετινγκ, Βιβλιογραφία. | |
| 520 | _aΠρόλογος, Τόπος Εγκατάστασης, Οργάνωση Λιανεμπορικών Επιχειρήσεων, Σχεδιασμός Προμηθειών, Στρατηγική Προμηθευτικών Κινήτρων, Διοίκηση Προσωπικού, Προώθηση Λιανικών Πωλήσεων, Επίλογος - Το κάθετο Μάρκετινγκ, Βιβλιογραφία. | ||
| 700 | 1 |
_aΜαυρουλέας Ν _92162 |
|
| 942 | _cBK | ||
| 999 |
_c1662 _d1662 |
||